Les tres riches heures du Duc de Berry (Record no. 3322)
[ view plain ]
| 000 -CABECERA | |
|---|---|
| campo de control de longitud fija | 00838nam a2200253 a 4500 |
| 001 - NÚMERO DE CONTROL | |
| campo de control | BRCA_3587 |
| 005 - FECHA Y HORA DE LA ÚLTIMA TRANSACCIÓN | |
| campo de control | 20190320204338.0 |
| 008 - DATOS DE LONGITUD FIJA--INFORMACIÓN GENERAL | |
| campo de control de longitud fija | 060809s1900----fr-a######---#000-0#fre-# |
| 041 ## - CÓDIGO DE LENGUA | |
| Código de lengua del texto/banda sonora o título independiente | fre |
| 044 ## - CÓDIGO DEL PAÍS DE LA ENTIDAD EDITORA/PRODUCTORA | |
| Código MARC del país | fr |
| 050 #4 - SIGNATURA TOPOGRÁFICA DE LA BIBLIOTECA DEL CONGRESO | |
| Número de clasificación | ND3363.B5 |
| Número de documento/Ítem | .T74 1900 |
| 245 10 - MENCIÓN DE TÍTULO | |
| Título | Les tres riches heures du Duc de Berry |
| Resto del título | Le calendrier |
| Mención de responsabilidad, etc. | Présenté par Jean Porcher. |
| 260 ## - PUBLICACIÓN, DISTRIBUCIÓN, ETC. | |
| Lugar de publicación, distribución, etc. | París |
| Nombre del editor, distribuidor, etc. | Nomis |
| Fecha de publicación, distribución, etc. | [1900] |
| 300 ## - DESCRIPCIÓN FÍSICA | |
| Extensión | 55 p. |
| Otras características físicas | il., 12 láminas a color |
| Dimensiones | 18 cm. |
| 500 ## - NOTA GENERAL | |
| Nota general | B257 |
| 600 14 - PUNTO DE ACCESO ADICIONAL DE MATERIA--NOMBRE DE PERSONA | |
| Nombre de persona | Berry, Jean de France, duc. de |
| Fechas asociadas al nombre | 1340-1416 |
| 9 (RLIN) | 9310 |
| 610 24 - PUNTO DE ACCESO ADICIONAL DE MATERIA--NOMBRE DE ENTIDAD CORPORATIVA | |
| Nombre de entidad corporativa o nombre de jurisdicción como elemento de entrada | Musée Condé à Chantilly (Francia) |
| 9 (RLIN) | 9311 |
| 650 14 - PUNTO DE ACCESO ADICIONAL DE MATERIA--TÉRMINO DE MATERIA | |
| Término de materia o nombre geográfico como elemento de entrada | Iluminación de libros y manuscritos |
| Subdivisión general | Especímenes, reproducciones, etc. |
| 9 (RLIN) | 7874 |
| 650 14 - PUNTO DE ACCESO ADICIONAL DE MATERIA--TÉRMINO DE MATERIA | |
| Término de materia o nombre geográfico como elemento de entrada | Horas, Libros de las |
| 9 (RLIN) | 9312 |
| 650 14 - PUNTO DE ACCESO ADICIONAL DE MATERIA--TÉRMINO DE MATERIA | |
| Término de materia o nombre geográfico como elemento de entrada | Galerías y museos |
| Subdivisión geográfica | Francia |
| 9 (RLIN) | 7839 |
| 700 1# - PUNTO DE ACCESO ADICIONAL--NOMBRE DE PERSONA | |
| Nombre de persona | Porcher, Jean |
| 9 (RLIN) | 9313 |
| 902 ## - CATALOGADOR | |
| Iniciales | GFM |
| 942 ## - ELEMENTOS DE PUNTO DE ACCESO ADICIONAL (KOHA) | |
| Fuente del sistema de clasificación o colocación | Library of Congress Classification |
| Tipo de ítem Koha | Libros |
| Estado de retiro | Estado de pérdida | Estado dañado | No para préstamo | Localización permanente | Ubicación/localización actual | Fecha de adquisición | Número de inventario | Total de préstamos | Signatura topográfica completa | Código de barras | Fecha visto por última vez | Precio válido a partir de | Tipo de ítem Koha |
|---|---|---|---|---|---|---|---|---|---|---|---|---|---|
| El ejemplar forma parte de la colección y puede ser consultado según las políticas vigentes. | Biblioteca del Museo Franz Mayer (Rogerio Casas-Alatriste) | Biblioteca del Museo Franz Mayer (Rogerio Casas-Alatriste) | 06/08/2009 | B257 | ND3363.B5 .T74 1900 (B257) | 3584 | 22/03/2019 | 22/03/2019 | Libros |